[Event "Cappelle op 30th"]
[Site "Cappelle la Grande"]
[Date "2014.03.05"]
[Round "6"]
[White "Shirazi, Kamran"]
[Black "Durnecker, Laurent"]
[Result "1-0"]
[WhiteElo "2375"]
[BlackElo "2051"]
[PlyCount "75"]
[EventDate "2014.03.01"]
[EventType "swiss"]
[EventRounds "9"]
[EventCountry "FRA"]
[SourceTitle "CBM 159 Extra"]
[Source "ChessBase"]
[SourceDate "2014.04.24"]
[SourceVersion "1"]
[SourceVersionDate "2014.04.24"]
[SourceQuality "1"]

1. e4 Nf6 2. e5 Nd5 3. c4 Nb6 4. c5 Nd5 5. Bc4 e6 6. d4 b6 7. Bxd5 exd5 8. Be3 Na6 9. a3 bxc5 10. dxc5 Bb7 11. Qg4 Qe7 12. Nf3 Nxc5 13. Bxc5 Qxc5 14. 0-0 Qb6 15. Nc3 Qg6 16. Qf4 Bc5 17. e6 0-0 18. Qxc7 Bc6 19. exd7 Bb6 20. Qe5 Qe6 21. Rad1 Bxd7 22. Nxd5 Bd8 23. Nc7 Qxe5 24. Nxe5 Bxc7 25. Nxd7 Rfe8 26. Rd2 Re7 27. g3 Rae8 28. Kg2 f6 29. Rc1 Rc8 30. Rc6 Kf7 31. b4 Bf4 32. Rxc8 Bxd2 33. Nb8 Kg6 34. Nc6 Rb7 35. Ra8 Bc1 36. Rxa7 Rxa7 37. Nxa7 Bxa3 38. b5 1-0

[Event "FRA-chT2"]
[Site "France"]
[Date "2002.03.??"]
[Round "10"]
[White "Durnecker, Laurent"]
[Black "Maatoug, Redwan"]
[Result "0-1"]
[WhiteElo "2038"]
[BlackElo "2206"]
[PlyCount "80"]
[EventDate "2002.??.??"]
[EventType "team"]
[EventRounds "11"]
[EventCountry "FRA"]
[SourceTitle "EXT 2003"]
[Source "ChessBase"]
[SourceDate "2002.11.25"]
[SourceVersion "1"]
[SourceVersionDate "2002.11.25"]
[SourceQuality "1"]

1. e4 c5 2. Nf3 Nc6 3. d4 cxd4 4. Nxd4 Nf6 5. Nc3 d6 6. Be2 e6 7. Be3 Be7 8. 0-0 a6 9. f4 Qc7 10. Nb3 b5 11. a3 0-0 12. Qe1 Bb7 13. Qf2 Nd7 14. Bf3 Bf6 15. Qd2 Nb6 16. Bxb6 Qxb6+ 17. Kh1 Rfd8 18. Nd1 a5 19. Qf2 Qxf2 20. Rxf2 a4 21. Nd2 Nd4 22. c3 Nxf3 23. Rxf3 Be7 24. Rd3 e5 25. Ne3 exf4 26. Nd5 Bxd5 27. Rxd5 Rab8 28. Rf1 Bf6 29. Rxf4 Re8 30. Rf1 Re6 31. g3 h6 32. Re1 g5 33. Nf3 Rbe8 34. Rxb5 Rxe4 35. Rd1 g4 36. Nd4 Bxd4 37. cxd4 Re2 38. Rg1 Rd2 39. Rg2 Re1+ 40. Rg1 Ree2 0-1

[Event "FRA-chT2"]
[Site "France"]
[Date "2002.03.??"]
[Round "9"]
[White "Larrat, Philippe"]
[Black "Durnecker, Laurent"]
[Result "1-0"]
[WhiteElo "2159"]
[BlackElo "2038"]
[PlyCount "51"]
[EventDate "2002.??.??"]
[EventType "team"]
[EventRounds "11"]
[EventCountry "FRA"]
[SourceTitle "EXT 2003"]
[Source "ChessBase"]
[SourceDate "2002.11.25"]
[SourceVersion "1"]
[SourceVersionDate "2002.11.25"]
[SourceQuality "1"]

1. e4 c5 2. c3 Nf6 3. e5 Nd5 4. d4 cxd4 5. Nf3 Nc6 6. Bc4 Nb6 7. Bb3 d5 8. exd6 e6 9. cxd4 Bxd6 10. 0-0 0-0 11. Nc3 Ne7 12. Ne4 h6 13. Ne5 Nbd5 14. Nxd6 Qxd6 15. Qe2 Nf5 16. Rd1 b6 17. g4 Nfe7 18. Bc2 f5 19. g5 hxg5 20. Bxg5 Nf6 21. f3 Bb7 22. Rd2 a5 23. Rad1 a4 24. a3 Qd5 25. Qg2 Rfc8 26. Bxf6 1-0

[Event "FRA-chT2"]
[Site "France"]
[Date "2002.03.??"]
[Round "11"]
[White "Salihu, Sami"]
[Black "Durnecker, Laurent"]
[Result "1-0"]
[WhiteElo "2350"]
[BlackElo "2038"]
[PlyCount "29"]
[EventDate "2002.??.??"]
[EventType "team"]
[EventRounds "11"]
[EventCountry "FRA"]
[SourceTitle "EXT 2003"]
[Source "ChessBase"]
[SourceDate "2002.11.25"]
[SourceVersion "1"]
[SourceVersionDate "2002.11.25"]
[SourceQuality "1"]

1. e4 c5 2. Nf3 d6 3. c3 e6 4. d4 cxd4 5. cxd4 Nd7 6. Bd3 Ngf6 7. 0-0 b6 8. Nc3 Bb7 9. Re1 e5 10. Bg5 a6 11. Bxf6 Qxf6 12. Nd5 Bxd5 13. exd5 Be7 14. Qa4 Kd8 15. Rac1 1-0

[Event "FRA-chT2"]
[Site "France"]
[Date "2002.01.??"]
[Round "6"]
[White "Eisenbeiser, Karlheinz"]
[Black "Durnecker, Laurent"]
[Result "1/2-1/2"]
[WhiteElo "2114"]
[BlackElo "2038"]
[PlyCount "112"]
[EventDate "2002.??.??"]
[EventType "team"]
[EventRounds "11"]
[EventCountry "FRA"]
[SourceTitle "EXT 2003"]
[Source "ChessBase"]
[SourceDate "2002.11.25"]
[SourceVersion "1"]
[SourceVersionDate "2002.11.25"]
[SourceQuality "1"]

1. e4 c5 2. Nf3 d6 3. d4 cxd4 4. Nxd4 Nf6 5. Nc3 a6 6. Bc4 e6 7. Bb3 b5 8. 0-0 Qc7 9. Re1 Be7 10. Kh1 0-0 11. f4 Nbd7 12. f5 Nc5 13. a3 Rb8 14. Qf3 b4 15. Na4 Nxb3 16. cxb3 e5 17. Ne2 Bb7 18. Ng3 d5 19. Bg5 Nxe4 20. Bxe7 Qxe7 21. Nxe4 dxe4 22. Qe3 Qd7 23. Nc5 Qxf5 24. axb4 h6 25. h3 Rfe8 26. Nxb7 Rxb7 27. Qxe4 Qxe4 28. Rxe4 f5 29. Re2 e4 30. Rxa6 Rxb4 31. Ra3 Rd8 32. Ra5 g6 33. Ra6 Kf7 34. Rc2 Rd7 35. Rcc6 Rxb3 36. Rf6+ Ke7 37. Rxg6 Kd8 38. Rxh6 Rxb2 39. Ra8+ Kc7 40. Ra7+ Rb7 41. Rxb7+ Kxb7 42. Re6 Rd5 43. Kh2 Kc7 44. Kg3 Kd7 45. Ra6 Rd6 46. Ra7+ Ke6 47. Kf4 Rd7 48. Ra6+ Rd6 49. Ra8 Rd7 50. Rg8 Re7 51. Rd8 Rd7 52. Rh8 Re7 53. g4 fxg4 54. hxg4 Kd5 55. Rd8+ Kc4 56. Ke3 Rg7 1/2-1/2

[Event "FRA-chT2"]
[Site "France"]
[Date "2002.01.??"]
[Round "5"]
[White "Rehm, Bernard"]
[Black "Durnecker, Laurent"]
[Result "1-0"]
[WhiteElo "2114"]
[BlackElo "2038"]
[PlyCount "79"]
[EventDate "2002.??.??"]
[EventType "team"]
[EventRounds "11"]
[EventCountry "FRA"]
[SourceTitle "EXT 2003"]
[Source "ChessBase"]
[SourceDate "2002.11.25"]
[SourceVersion "1"]
[SourceVersionDate "2002.11.25"]
[SourceQuality "1"]

1. Nf3 f5 2. c4 Nf6 3. g3 g6 4. Bg2 Bg7 5. 0-0 d6 6. d4 0-0 7. d5 Qe8 8. Nd4 Bd7 9. Nc3 Na6 10. e4 fxe4 11. Nxe4 Nxe4 12. Bxe4 Nc5 13. Bg2 a5 14. Be3 c6 15. Qd2 e5 16. dxe6 Bxe6 17. Rfe1 Bxc4 18. Bg5 Qc8 19. Re7 Rf7 20. Rae1 Nd3 21. Rxf7 Bxd4 22. Rf4 Nxf4 23. Qxf4 c5 24. Qxd6 Qf5 25. Bf4 g5 26. Be4 Qf7 27. Be3 Bxb2 28. Qxc5 Bxa2 29. Bxg5 Rf8 30. Bh6 Ra8 31. Qc2 Bd4 32. Be3 Bxe3 33. Rxe3 Rd8 34. Bxh7+ Qxh7 35. Qxa2+ Qf7 36. Qxa5 Rd1+ 37. Kg2 Rd8 38. Qxd8+ Kg7 39. Re7 Kg6 40. Rxf7 1-0